00315nam a2200109Ia 4500008004100000082001300041100001100054245002400065942000600089952009500095999001500190240331s9999 xx 000 0 und d a808bSRE aSres,M 0aAtiyil pen iruntaal cL 001040708LaWERCLbWERCLcSSCd2024-03-31l0o 808 SREp6463r2024-03-31w2024-03-31yL c1019d1019